000 00956nam a22003370a 4500
001 PT42432
003 AR-LpoUNG
005 20260120123320.0
008 201001s2011||||ag |||||||||||||||||spa d
020 _a9789876300995
_c$41
040 _aAR-LpoUNG
_bspa
_eaacr
041 _aspa
044 _aag
082 0 _a410 229tex
100 1 _aBarbara, Leila
_eed.
245 1 0 _aTextos y lenguaje académico :
_bexploraciones sistémico-funcionales en portugués y español
250 _a1ra. ed.
260 _aBuenos Aires :
_bUniversidad Nacional de General Sarmiento,
_c2011.
300 _a240 p. :
_bgráfs., tbls.
490 0 _aColección Educación
650 4 _aENSENANZA DE IDIOMAS
650 4 _aESCRITURA
650 4 _aLENGUA ESPAÑOLA
650 4 _aLENGUA PORTUGUESA
650 4 _aLENGUAJE
650 4 _aLINGUISTICA
653 0 _aANALISIS DEL DISCURSO
700 1 _aMoyano, Estela
_eed.
905 _a42432
942 _cLIB
_2ddc
999 _c50931
_d50931